Anderlecht 6-1 Brugge - Statistieken

Algemene statistieken
  • Deze quiz is 29 keer genomen
  • De gemiddelde score is 7 van 15
Antwoordstatistieken
Antwoord % Correct
Silvio Proto
91%
Mbokani
77%
Biglia
59%
Jovanovic
59%
Gillet
55%
Praet
55%
Bruno
50%
Kouyate
50%
Safari
41%
Van Den Brom
41%
Kljestan
32%
De Sutter
27%
Nuytinck
27%
Canesin
18%
Rubenilson
5%
Geen overeenkomende quizzen gevonden
Scoreverdeling
Procent van Mensen met Elke Score
Percentiel versus Aantal Correcte Antwoorden
Uw Scoregeschiedenis
U heeft deze quiz nog niet genomen